| 000 | 01164 a2200277 4500 | ||
|---|---|---|---|
| 001 | 22209 | ||
| 005 | 20260407155511.0 | ||
| 008 | 260407a1977 arg spa d | ||
| 003 | AR-UNSa-BCEJYS | ||
| 040 |
_aAR-UNSa-BCEJYS _bspa _cAR-UNSa-BCEJYS |
||
| 080 |
_a336.1 _xFinanzas Públicas. Finanzas del gobierno en general |
||
| 245 | 1 | 0 | _aManual de finanzas públicas |
| 264 | 1 |
_aBuenos Aires : _bA-Z Editora _c1977 |
|
| 300 |
_axxx, 512 p. _c22 cm. |
||
| 505 | _a1. Finanzas liberales, intervencionistas y de planificación centralizada - 2. Gastos Públicos - 3. Recursos públicos - 4. Sistema Tributario - 5. Efectos económicos de los impuestos - 6. Crédito público - 7. El presupuesto del estado. | ||
| 942 | _cBK | ||
| 590 | _aniveau_biblio:m niveau_hierar:0 | ||
| 100 | 1 | _aAlbacete, Carlos Eduardo | |
| 700 | 1 | _aMordeglia, Roberto M. | |
| 700 | 1 | _aFernández de la Puente, Elena | |
| 700 | 1 | _aDamarco, Jorge Héctor | |
| 700 | 1 | _aGalli, Guillermo P. | |
| 700 | 1 | _aNavarro, Patricio A. | |
| 700 | 1 | _aTorres, Agustín | |
| 856 | 4 | 1 |
_uhttps://biblioeco.unsa.edu.ar/pmb/images/libros/Manula de Finanzas P?blicas.jpg _yImagen de portada _qimage/jpeg |
| 999 |
_c929 _d929 |
||